1847 1377 1953 1238 1591 1159 1721 1276 1365 1493 1710 1491 1292 1097 1099 1525 1732 1616 1569 1324 1369 1884 1475 1711 1998 1158 1860 1828 1562 1660 1024 1607 1086 1440 1076 1815 1247 1535 1859 1562 1450 1564 1369 1462 1317 1593 1306 1098 1423 1047 1303 1946 1560 1272 1727 1275 1555 1487 1231 1856 1071 1890 1648 1770 1526 1570 1679 1379 1996 1657 1487 1900 1771 1967 1336 1550 1270 1786 1426 1989 1373 1781 1073 1290 1812 1791 1879 1341 1076 1652 1130 1822 1641 1318 1163 1019 1866 1589 1961 BCNSPRNW ULIB Ver.6.0+V

เปลี่ยนเป็นภาษาไทย

Change to English
 แสดงรายละเอียดบรรณานุกรม
  กลับหน้าหลัก

Brief Record : Get Marc (ISO 2709) : E-mail record : QR code < ปิดหน้าต่าง
LEADER : 00000nam 2200000uu 4500
001    13399124241
003     ULIB
008    150215s2557||||th 000 0 tha d
020    ^a9786163617477
060  4 ^aQS4^bผ381ร
100 0  ^aผาสุก มหรรฆานุเคราะห์
245 10 ^aระบบการเคลื่อนไหว =^bLocomotive System/^cผาสุก มหรรฆานุเคราะห์
250    ^aพิมพ์ครั้งที่ 1
260    ^aกรุงเทพฯ :^bภาควิชากายวิภาคศาสตร์ คณะแพทยศาสตร์ มหาวิทยาลัยเชียงใหม่,^c2557
300    ^a320 หน้า :^bภาพประกอบ
650  7 ^aกายวิภาคศาสตร์
650  7 ^aสรีรวิทยาของมนุษย์
650  7 ^aการเคลื่อนไหว
650  7 ^aมหกายวิภาคศาสตร์
945    ^p450^l0^i039079
999    ^aทศพร
รายการนี้ยังไม่มีแท็ก
คุณยังไม่ได้ล็อกอิน คุณสามารถมีกิจกรรมร่วมกับเว็บไซต์ได้ แต่ต้องล็อกอินก่อน ::
  ล็อกอิน

รายการสื่อสารสนเทศ

ลำดับที่ ประเภท เลขเรียก/บาร์โค้ด สถานที่ สถานะ
1. วิทยาศาสตร์การแพทย์ และสุขภาพ
วิทยาศาสตร์การแพทย์ และสุขภาพ
สถานะ=หนังสือเก่า
QS4 ผ381ร ฉ.1 
  Barcode: 039079
ห้องสมุดวิทยาเขตสวรรค์ประชารักษ์
►ส่วนจัดเก็บหนังสือเก่า สปร
บนชั้น
  ขอยืม

รายการใกล้เคียง
    ผู้แต่ง [ผาสุก มหรรฆานุเคราะห์]

    หัวเรื่อง [กายวิภาคศาสตร์]
    หัวเรื่อง [สรีรวิทยาของมนุษย์]
    หัวเรื่อง [การเคลื่อนไหว]
    หัวเรื่อง [มหกายวิภาคศาสตร์]

BibComment


ยังไม่เคยถูกคอมเมนท์

คอมเมนท์ทรัพยากรรายการนี้
  คอมเมนท์: ระบบการเคลื่อนไห..


 Copyright 2026. Bcnsprnw @Library